01009nam a22002532 450000100060000000300080000600500170001400800410003103500190007204000270009104100080011808200210012610000440014724500830019126000420027430000350031650001560035150400200050765000370052765000260056494200120059099900170060295201360061928854BD-RjUL20211209051335.0140401s1949 e a 001 0 eng d a(BD-RjUL)28938 aDLCcCWRdBD-RjULbeng aeng a155.3bFEB 19491 aFeldenkrais, Moshé,d1904-198498822410aBody and mature behaviour :ba study of anxiety, sex, gravitation & learning / aLondon :bRoutledge & K. Paul,c1949. aviii, 167 p. :bill. ;c23 cm. a"The substance of this book was presented before the Association of Scientific Workers at Fairlie, Scotland, in a series of lectures given in 1943-44." aIncludes index. 0aPsychology, Pathological.988225 0aSex (Psychology)9150 2ddccBK c28854d28854 00102ddc40708NFICaRUCLbRUCLcReadingd1956-02-02eA.B.Cg10.00l0o155.3 FEB 1949r2014-04-01 00:00:00tC-1w2021-12-09yBK